000 00462nam a22001697a 4500
003 NUST - PNEC
005 20170116181101.0
008 151002b xxu||||| |||| 00| 0 eng d
020 _a-
040 _cLIBRARY
082 _a624.17 PIP
100 _912405
_aPippard, Alfred John Sutton
245 _aThe analysis of engineering structures
_cA. J. S. Pippard
260 _cc.19454
650 _912406
_aStructural analysis (Engineering)
_xME
942 _2ddc
_cBK
999 _c68777
_d68777